000 00556nam a2200229Ia 4500
003 OSt
005 20220916111022.0
006 a|||||r|||| 00| 0
007 ta
008 220915b |||||||| |||| 00| 0 eng d
024 _a105290
037 _cTextbook
040 _beng
_aARTS
_cARTS
041 _aeng
082 _aV2:19:N5, J5.1
100 _aBisheshwar
245 0 _aFoundations of India's foreign policy
260 _c1955
650 _aHISTORY
942 _hV2:19:N5, J5.1
_cTB
_2CC
999 _c103491
_d103491